000 00481nmm a2200157Ia 4500
008 251105s9999||||xx |||||||||||||||||und||
020 _a9788416252282
041 _aspa
100 _aRidao, José María
245 0 _aFilosofía accidental : ensayos sobre el hombre y el Absoluto
264 _a[Madrid, España] :
_bGalaxia Gutenberg,
_c2015
300 _a280 páginas
650 _aPhilosophy, Ethics
856 _uhttps://public.digitaliapublishing.com/a/37384
942 _cCF
999 _c77439
_d77439